000 00917nam a2200277 c 4500
003 BLK
005 20180422115357.0
008 180411b bul|||||r ||||||| ||bul||
010 _aKNG00193845000
040 _aBLK
041 _aBUL
_cBUL
080 _aБългарска литература
_b821.163.2
_x-1
_z821.163.2-1
100 1 _aЕвтимов, Евтим Михалушев
_eпърви автор
_9365147
139 _aЕвтимов, Евтим Михалушев
_bЕ 22
245 1 0 _aСъновник
_bЛюбовни сонети
_cЕвтим Михалушев Евтимов.
257 _aBGR
260 София
_bБълг. писател
_c1985
300 _a112 с.
_c21 см
380 _aX
500 _a14109 тир.
852 _aЦб 135068
856 4 _qpdf
_u
856 4 _qpdf
_u
942 _cKNG
_n0
944 _aCR
_c19.10.2016
_kНора_Радева
944 _aED
_c19.10.2016
_kНора_Радева
999 _c184868
_d184868